Statistics for Bulgaria Country Quiz

Click here to take the quiz!

General Stats

  • This quiz has been taken 2,092 times
  • The average score is 15 of 20

Answer Stats

ClueAnswer% Correct
Capital citySofia
99%
Bordering countriesRomania
97%
Bordering countriesGreece
95%
Bordering countriesSerbia
94%
Bordering countriesTurkey
94%
Empire it was part of, 1396–1878Ottoman Empire
93%
Sea that borders BulgariaBlack Sea
92%
Bordering countriesNorth Macedonia
92%
Peninsula which Bulgaria is
situated on
Balkans
90%
Dominant branch of ChristianityEastern Orthodox
84%
Common alphabet that was
first used in Bulgaria
Cyrillic
82%
Ethnic group that includes Bulgarians,
Ukrainians, and Serbs
Slavs
82%
Longest riverDanube
80%
Country that invaded in 1944Soviet Union
67%
Biggest coastal citiesVarna
58%
Second biggest city,
oldest city in Europe
Plovdiv
53%
CurrencyLev
50%
Biggest coastal citiesBurgas
44%
Historical region southeastern
Bulgaria was part of
Thrace
36%
Fruit brandyRakia
26%

Score Distribution

Percentile by Number Answered

Percent of People with Each Score

Your Score History

You have not taken this quiz